000097036 001__ 97036 000097036 005__ 20170703232800.0 000097036 0247_ $$2HSB$$aama13416 000097036 037__ $$aRWTH-CONV-108030 000097036 041__ $$aEnglish 000097036 1001_ $$0P:(DE-82)034789$$aDahmen, W.$$b0$$eAuthor 000097036 245__ $$aContinuous refinement equations and subdivision$$hprint 000097036 260__ $$aAachen$$bInstitut für Geometrie und Praktische Mathematik$$c1992 000097036 3367_ $$0PUB:(DE-HGF)3$$2PUB:(DE-HGF)$$aBook$$bbook$$mbook 000097036 3367_ $$2DRIVER$$abook 000097036 3367_ $$01$$2EndNote$$aBook 000097036 3367_ $$2DataCite$$aOutput Types/Book 000097036 3367_ $$2ORCID$$aBOOK 000097036 3367_ $$2BibTeX$$aBOOK 000097036 4900_ $$aBer. Inst. f. Geom. u. Prakt. Math. d. RWTH Aachen$$v75 000097036 7001_ $$0P:(DE-82)119526$$aMicchelli, C. A.$$b1$$eAuthor 000097036 909CO $$ooai:publications.rwth-aachen.de:97036$$pVDB 000097036 9201_ $$0I:(DE-82)111410_20140620$$k111410$$lLehrstuhl für Mathematik und Institut für Geometrie und Praktische Mathematik$$x0 000097036 9201_ $$0I:(DE-82)110000_20140620$$k110000$$lFachgruppe Mathematik$$x1 000097036 961__ $$c2013-06-08$$x2011-03-24 000097036 970__ $$aama13416 000097036 980__ $$abook 000097036 980__ $$aI:(DE-82)111410_20140620 000097036 980__ $$aI:(DE-82)110000_20140620 000097036 980__ $$aVDB 000097036 980__ $$aUNRESTRICTED 000097036 980__ $$aConvertedRecord